| 000 | 00409nam a2200157 a 4500 | ||
|---|---|---|---|
| 005 | 20140414131915.0 | ||
| 008 | 100901s19uu xx 00 eng d | ||
| 020 | _a0439559693 | ||
| 050 |
_aFIC _bSt5 2000 |
||
| 100 | _aStilton, Geronimo | ||
| 245 |
_aRed pizzas for a blue count : _bBook 7. |
||
| 260 |
_aNew York : _bScholastic, _c2000. |
||
| 440 | _aGeronimo Stilton | ||
| 999 |
_c111428 _d111428 |
||